000 00306nam a22001337a 4500
008 171030b xxu||||| |||| 00| 0 eng d
020 _a0226264068
041 _aeng
080 _a336
100 _a56
101 _aFIN
245 _aSTUDIES IN THE QUANTITY THEORY OF MONEY
_cFRIEDMAN,M
942 _2udc
_cBK
999 _c36375
_d36375